00589cam a2200169 a 4500020002500000040000900025082002600034245006700060260007800127300003500205490002900240650002600269650002600295650001600321700003200337710005000369 a9780896291904 (pbk.) cDNAL00a338 INT 2011 C163 Or.00aEngendering agricultural research, development and extension / aWashington, D.C. :bInternational Food Policy Research Institute,cc2011. axiii, 138 p. :bill. ;c23 cm.1 aIFPRI research monograph 0aWomen in agriculture. 0aWomen in development. 0aAgriculture1 aMeinzen-Dick, Ruth Suseela.2 aInternational Food Policy Research Institute.